• 首页
  • 本馆介绍
  • 公告通知
  • 最新文献
  • 馆藏检索
  • 电子资源
  • 读者导购
  • 参考咨询
  • 我的图书馆
  • 登录
  • 详细信息显示
  • 放入我的书架
  • 预约/预借图书
  • 作者相关作品
  • 分类相关作品
  • 丛书相关作品
  • 出版社相关作品

书目信息

  • 表格格式
  • 工作单格式
  • 卡片格式
题名:
奇妙的自然之谜
    
 
作者: 英佳 , 霜平 著
分册:  
出版信息: 南宁   广西科学技术出版社  2012.06
页数: 89页
开本: 19cm
丛书名: 少年科学文库
单 册:
中图分类: N49
科图分类: 50.59
主题词: 自然科学--少年读物
电子资源:
ISBN: 7-80565-676-2
000 00752nam2 2200253 450
001 2362553097
005 20231230172248.84
010    @a7-80565-676-2@dCNY 21.80
100    @a20021005d2012 cdmy0chiy0110 ea
101 0  @achi
102    @aCN@b450000
105    @af z 000yy
200 1  @a奇妙的自然之谜@Aqi miao de zi ran zhi mi@b专著@f英佳,霜平著
210    @a南宁@c广西科学技术出版社@d2012.06
215    @a89页@c插图@d19cm
225 2  @a少年科学文库@i少年趣味科学丛书@f王梓坤,詹以勤主编
410  0 @12001 @a少年科学文库@i少年趣味科学丛书
606 0  @a自然科学@x少年读物
690    @aN49@v5
692    @a50.59
701  0 @a英佳@Aying jia@4著
701  0 @a霜平@Ashuang ping@4著
801  2 @aCN@b辽宁北配@c20231205
905    @aBZT@dN49@e296
    
    奇妙的自然之谜/英佳,霜平著.-南宁:广西科学技术出版社,2012.06
    89页:插图;19cm.-(少年科学文库.少年趣味科学丛书/王梓坤,詹以勤主编)
    
    
    ISBN 7-80565-676-2:CNY 21.80
    
●
相关链接 在五车中查询图书 在当当中查询图书 在豆瓣中查询图书


正题名:奇妙的自然之谜     索取号:N49/296         预约/预借

序号 登录号 条形码 馆藏地/架位号 状态 备注
1 2001725334   2001725334   辽三/辽宁北配(第三批)/4356/ [索取号:N49/296] 在馆    
2 2001725335   2001725335   辽三/辽宁北配(第三批)/4356/ [索取号:N49/296] 在馆    
3 2001725336   2001725336   辽三/辽宁北配(第三批)/4356/ [索取号:N49/296] 在馆    
4 2001725337   2001725337   辽三/辽宁北配(第三批)/4356/ [索取号:N49/296] 在馆    
5 2001725338   2001725338   辽三/辽宁北配(第三批)/4356/ [索取号:N49/296] 在馆    
山东省滨州职业学院图书馆 欢迎您!
大连网信软件有限公司© 版权所有